Statistics for John Turturro Movies

Click here to take the quiz!

General Stats

  • This quiz has been taken 5 times
  • The average score is 10 of 20

Answer Stats

Release YearCostarsMovie% Correct
1986Paul Newman, Tom CruiseThe Color of Money
100%
2022Robert Pattinson, Zoe KravitzThe Batman
80%
1998Jeff Bridges, Philip Seymour HoffmanThe Big Lebowski
80%
2007Shia LaBeouf, Megan FoxTransformers
80%
1991John Goodman, Steve BuscemiBarton Fink
60%
2002Adam Sandler, Winona RyderMr. Deeds
60%
2000George Clooney, John GoodmanO Brother, Where Art Thou?
60%
2011Owen Wilson, Larry the Cable GuyCars 2
40%
1995Harvey Keitel, Mekhi PhiferClockers
40%
1989Danny Aiello, Ossie DavisDo the Right Thing
40%
1986Michael Keaton, Michelle JohnsonGung Ho
40%
2016Edgar Ramirez, Robert De NiroHands of Stone
40%
1998Denzel Washington, Rosario DawsonHe Got Game
40%
1991Samuel L. Jackson, Halle BerryJungle Fever
40%
1990Denzel Washington, Wesley SnipesMo'Better Blues
40%
2004Johnny Depp, Maria BelloSecret Window
40%
2019Christopher Walken, Susan SarandonThe Jesus Rolls
40%
1985Willem Dafoe, Jane LeevsTo Live and Die in LA
40%
2014Christian Bale, Ben KingsleyExodus: Gods and Kings
20%
2009Denzel Washington, John TurturroThe Taking of Pelham 123
20%

Score Distribution

Percentile by Number Answered

Percent of People with Each Score

Your Score History

You have not taken this quiz